Ramakrishna Parmahamsarude Upadeshngal (Record no. 1212)

MARC details
000 -LEADER
fixed length control field 00414nam a2200145Ia 4500
008 - FIXED-LENGTH DATA ELEMENTS--GENERAL INFORMATION
fixed length control field 211109s9999||||xx |||||||||||||| ||und||
082 ## - DEWEY DECIMAL CLASSIFICATION NUMBER
Classification number 894.8125
Item number VEL-R
100 ## - MAIN ENTRY--PERSONAL NAME
Personal name Velu Pilla,
245 #0 - TITLE STATEMENT
Title Ramakrishna Parmahamsarude Upadeshngal
260 ## - PUBLICATION, DISTRIBUTION, ETC.
Name of publisher, distributor, etc. Deepika Books
Place of publication, distribution, etc. Kottayam
Date of publication, distribution, etc. 1983
300 ## - PHYSICAL DESCRIPTION
Extent 50p.
630 ## - SUBJECT ADDED ENTRY--UNIFORM TITLE
General subdivision General Stack
650 ## - SUBJECT ADDED ENTRY--TOPICAL TERM
Topical term or geographic name entry element Malayalam Literature
942 ## - ADDED ENTRY ELEMENTS (KOHA)
Koha item type BOOK
650 ## - SUBJECT ADDED ENTRY--TOPICAL TERM
Form subdivision Malayalam SpeechesAdvice
General subdivision Malayalam
Holdings
Withdrawn status Lost status Source of classification or shelving scheme Damaged status Not for loan Home library Current library Date acquired Cost, normal purchase price Total Checkouts Full call number Barcode Shelving location Date last seen Price effective from Koha item type
    Dewey Decimal Classification     SB LIBRARY SB LIBRARY 09/11/2021 100.00   894.8125 VEL-R 00001218 GENERAL STACK 09/11/2021 09/11/2021 BOOK

Powered by Koha